000 00733nam a2200241 a 4500
001 BRCA_7362
005 20190320205817.0
008 280213s1947----mx-a######---#000-0#spa-#
041 _aspa
044 _amx
050 4 _aF1215
_b.H47 1947
100 1 _aHernández, Porfirio
_918195
245 1 0 _aCumbres y barrancas
_bviajes a pie y a caballo a través de la República Mexicana
_cPorfirio Hernández.
260 _aMéxico
_bR. Donde
_c1947
300 _a434 p.
_bil., láminas
500 _aApreciación del autor por José Vasconcelos
500 _aQ48
650 1 4 _aViajeros mexicanos
_915535
650 1 4 _aViajeros hondureños
_918196
651 4 _aMéxico
_xDescripción y viajes
_9103
902 _aGFM
942 _2lcc
_cB
999 _c7038
_d7038